000 00346cam a22001097a 4500
008 180718b1977 xxu||||| |||| 00| 0 eng d
082 _aR2303x5433 P969e
245 _aEnforcement of minimum wages act, 1948 in Punjab
_cby Labour Commissioner
260 _aPunjab
_bGovernment Press
_c1977
300 _a200p
700 _aChandigarh Labour Commissioner
999 _c496092
_d496092